000
00216nam a2200097Ia 4500
008
240331s9999 xx 000 0 und d
082
_b
GOL
100
_a
Goldman, Emma
245
2
_a
A woman without a country
942
_c
L
999
_c
2429
_d
2429